| 000 | 00431nam a22001577a 4500 | ||
|---|---|---|---|
| 999 |
_c534850 _d534850 |
||
| 020 | _a9789332579439 | ||
| 082 | _a339 | ||
| 100 | _aMishkin, Frederic S. | ||
| 245 |
_aMacroeconomics: _bTheory & Practice / _cFrederic S. Mishkin |
||
| 250 | _a2nd ed. | ||
| 260 |
_aNew Delhi : _bPearson, _c2019. |
||
| 300 |
_a673 p. ; _c24 cm. |
||
| 942 |
_2ddc _cBK |
||